Statistics for Guess the Taylor Swift song with no hint 99

Click here to take the quiz!

General Stats

  • This quiz has been taken 315 times
  • The average score is 237 of 332

Answer Stats

Answer% Correct
I
100%
a
99%
the
98%
you
98%
You
98%
an
97%
it
96%
It
96%
me
96%
And
95%
to
95%
(to
95%
To
95%
we
95%
In
94%
in
94%
be
93%
my
93%
Is
92%
(is
92%
is
92%
On
92%
on
92%
when
92%
where
92%
I'm
91%
so
90%
that
89%
That
89%
for
88%
go
87%
of
86%
this
86%
This
86%
were
86%
all
85%
(all
85%
there
85%
was
85%
(can
84%
can
84%
What
83%
but
82%
But
82%
could
81%
would
81%
(If
80%
just
80%
not
80%
Can't
76%
(can't
76%
had
76%
I've
76%
one
76%
been
74%
think
72%
Oh
71%
now)
70%
down
68%
(Out
67%
out
67%
could'nt
65%
couldn't
65%
wouldn't
63%
things
62%
get
61%
thought
61%
we'll
61%
will
59%
(Evermore)
58%
evermore
58%
(evermore)
58%
Evermore
58%
bad
57%
Or
55%
(or
55%
does
54%
feeling
54%
pain
54%
went
54%
days
52%
days)
52%
light
52%
remember
52%
breath
51%
lost
51%
November
51%
Put
51%
since
51%
again
50%
again)
50%
July
50%
peculiar
50%
sure
50%
catching
49%
Catching
49%
Gray
49%
very
49%
moment
48%
wrong
47%
real
46%
Trying
46%
used
46%
each
45%
find
45%
Hey
45%
death
44%
December
44%
fight
44%
open
44%
step
44%
window
44%
cost)
43%
cost
43%
dreamed
43%
footsteps
43%
Motion
43%
through
43%
capture
42%
cross?)
42%
cross?
42%
fire
42%
Staring
42%
stepping
42%
stone
42%
Guess
41%
line
41%
replay
41%
under
41%
Addressed
40%
certain
40%
double
40%
letters
40%
pause
40%
pause?)
40%
pause?
40%
Writing
40%
Barefoot
39%
crossed
39%
swear
39%
rewind
38%
Sending
38%
signals
38%
tall
38%
tape
38%
weather
38%
winter
38%
being
37%
frost
37%
frost)
37%
shipwrecked
37%
cabin
36%
enough
36%
unmoored
36%
waves
36%
creaking
35%
dog
35%
tossed)
35%
tossed
35%
(whether
35%
Whether
35%
wildest
35%
cracks
34%
Floors
34%
violence
34%
costs)
32%

Score Distribution

Percentile by Number Answered

Percent of People with Each Score

Your Score History

You have not taken this quiz